[Event "Hotel Bali Stars"]
[Site "Benidorm ESP"]
[Date "2003.11.27"]
[Round "1"]
[White "Romero Holmes,A"]
[Black "Karjakin,Sergey"]
[Result "1-0"]
[WhiteElo "2544"]
[BlackElo "2562"]
[EventDate "2003.11.27"]

1. c4 c5 2. Nf3 Nc6 3. d4 cxd4 4. Nxd4 Nf6 5. Nc3 e6 6. g3 Qb6 7. Ndb5 Ne5
8. Bf4 d6 9. Bg2 Be7 10. c5 Qxc5 11. Be3 Qc4 12. b3 Qb4 13. Nc7+ Kd8 14.
Nxa8 Qxc3+ 15. Bd2 Qb2 16. O-O Nc6 17. Rb1 Qa3 18. b4 d5 19. b5 Ne5 20. e4
Nxe4 21. Bf4 Nc3 22. Qc2 Bf6 23. Rb3 Qc5 24. Qxc3 Nc4 25. Bg5 Ke7 26. Bxf6+
gxf6 27. b6 a6 28. Nc7 Bd7 29. Re1 Bc6 30. Rb4 Rc8 31. Bh3 a5 32. Nxe6 Qxb4
33. Nf4+ Kf8 34. Qxb4+ axb4 35. Bxc8 1-0

[Event "Hotel Bali Stars"]
[Site "Benidorm ESP"]
[Date "2003.11.27"]
[Round "1"]
[White "Topalov,V"]
[Black "Vallejo Pons,F"]
[Result "1/2-1/2"]
[WhiteElo "2735"]
[BlackElo "2662"]
[EventDate "2003.11.27"]

1. e4 e5 2. Nf3 Nc6 3. Bb5 Nf6 4. O-O Nxe4 5. d4 Nd6 6. Bxc6 dxc6 7. dxe5
Nf5 8. Qxd8+ Kxd8 9. Nc3 Ne7 10. h3 Ng6 11. Bg5+ Ke8 12. Rad1 Bd7 13. a3 h6
14. Bc1 Rd8 15. Rfe1 Be7 16. Ne4 Be6 17. Rxd8+ Kxd8 18. Nd4 Bd7 19. f4 Nh4
20. Kf2 h5 21. g3 Nf5 22. Nf3 c5 23. Rd1 Ke8 24. Nc3 Nd4 25. Nd5 Bd8 26.
Nxd4 cxd4 27. Rxd4 Bxh3 28. Ne3 Bd7 29. Ng2 Rh6 30. Be3 Rc6 31. c3 a5 32.
Nh4 Bxh4 33. gxh4 Rg6 34. f5 Bxf5 35. Bg5 Bd7 36. b4 axb4 37. axb4 Re6 38.
Rd5 b6 39. b5 c6 40. bxc6 Rxc6 41. Rd6 Rxd6 42. exd6 f6 43. Be3 b5 44. Kg3
Kf7 45. Kf4 Ke6 46. Bc5 Kd5 47. Bb4 Kc4 48. Ba5 Kc5 49. Bb4+ Kd5 50. Ba3
Kc4 51. Bb4 Kd3 52. Ba5 Be6 53. Bb4 Bc8 54. Ba5 Bg4 55. Bb4 Bh3 56. Ba5 Bd7
57. Bb4 Ke2 58. Bc5 Kf1 59. Kg3 Ke1 60. Kf4 Kf1 61. Ke4 1/2-1/2

[Event "Hotel Bali Stars"]
[Site "Benidorm ESP"]
[Date "2003.11.27"]
[Round "2"]
[White "Hillarp Persson,T"]
[Black "Romero Holmes,A"]
[Result "1-0"]
[WhiteElo "2512"]
[BlackElo "2544"]
[EventDate "2003.11.27"]

1. d4 Nf6 2. c4 e5 3. dxe5 Ne4 4. a3 b6 5. Nf3 Bb7 6. Nbd2 Qe7 7. Qc2 Nxd2
8. Bxd2 Nc6 9. Bc3 O-O-O 10. O-O-O Rg8 11. Qxh7 g6 12. Qh4 Qxh4 13. Nxh4
Re8 14. Nf3 Bg7 15. e3 Nxe5 16. Nxe5 Bxe5 17. Bxe5 Rxe5 18. h4 Rh8 19. Rh2
Reh5 20. g3 Bf3 21. Rd4 f5 22. Bg2 Bxg2 23. Rxg2 Re8 24. Rg1 d6 25. Kc2 Kd7
26. b4 Re5 27. Rgd1 Rh7 28. Rd5 Rhe7 29. Kc3 Kc6 30. a4 a6 31. Rxe5 Rxe5
32. h5 gxh5 33. Rh1 a5 34. b5+ Kc5 35. Rxh5 d5 36. Rh6 dxc4 37. Rc6+ Kd5
38. Rxc7 Ke4 39. Rxc4+ Kf3 40. Rf4+ Ke2 41. Kd4 Rc5 42. e4 fxe4 43. Kxe4
Kd2 44. Kd4 Kc2 45. Rf6 Kb3 46. Rxb6 Rc4+ 47. Ke5 Rc5+ 48. Kf6 Rc2 49. f4
Rg2 50. Rc6 Rxg3 51. b6 Rg4 52. Ke5 Rg8 53. b7 Rb8 54. Rb6+ Kxa4 55. Ke4
1-0

[Event "Hotel Bali Stars"]
[Site "Benidorm ESP"]
[Date "2003.11.27"]
[Round "3"]
[White "Graf,A"]
[Black "Hillarp Persson,T"]
[Result "1/2-1/2"]
[WhiteElo "2646"]
[BlackElo "2512"]
[EventDate "2003.11.27"]

1. d4 e6 2. c4 Bb4+ 3. Bd2 a5 4. e4 d5 5. cxd5 exd5 6. e5 Ne7 7. Nf3 c5 8.
a3 Bxd2+ 9. Nbxd2 cxd4 10. Bd3 Nbc6 11. O-O h6 12. Re1 Qb6 13. Rb1 O-O 14.
Nh4 f6 15. exf6 Rxf6 16. Qh5 Qd8 17. Re2 Bd7 18. Rbe1 Qe8 19. Qxe8+ Rxe8
20. Nhf3 Kf8 21. h3 Ng6 22. Rxe8+ Bxe8 23. g3 Nge7 24. Kg2 Bd7 25. g4 Ng6
26. Bxg6 Rxg6 27. Nb3 h5 28. g5 h4 29. Kh2 d3 30. Rg1 Re6 31. Nc5 Re2 32.
Nxh4 d2 33. Rd1 Be8 34. Nb3 Rxf2+ 35. Kg3 Re2 36. Nxd2 Bh5 37. Rf1+ Ke8 38.
Rf2 Re3+ 39. Kg2 Nd4 40. Nf1 Re5 41. Rd2 Rxg5+ 42. Kf2 Ne6 43. Ng3 Nc5 44.
Rd4 Kd7 45. Ng2 Ne6 46. Rh4 Bg6 47. Ne1 d4 48. Nf3 Rb5 49. Ke1 d3 50. b4
axb4 51. axb4 Rd5 52. Kd2 Ke7 53. Rc4 Be8 54. Re4 Kd6 55. Re3 Bb5 56. Ne4+
Ke7 57. Nc5 Bd7 58. Nxb7 Kf6 59. Kc3 Bc8 60. Na5 Nf4 61. h4 Bg4 62. Nc4 Ng2
63. Nfd2 Nxe3 64. Nxe3 Be6 65. Nxd5+ Bxd5 66. Kxd3 Kf5 67. Nc4 Ba8 68. Ne3+
Kf4 69. Kd4 g6 70. Nc4 Kg4 71. Ne5+ Kh5 72. b5 Kxh4 73. Nxg6+ Kg5 74. Ne5
Kf6 75. Nc6 Ke6 76. Kc5 Kd7 77. Kb6 Kc8 78. Ka7 Bxc6 79. bxc6 Kc7 1/2-1/2

[Event "Hotel Bali Stars"]
[Site "Benidorm ESP"]
[Date "2003.11.27"]
[Round "4"]
[White "Romero Holmes,A"]
[Black "Graf,A"]
[Result "0-1"]
[WhiteElo "2544"]
[BlackElo "2646"]
[EventDate "2003.11.27"]

1. e4 c5 2. Nf3 e6 3. Nc3 d6 4. d4 cxd4 5. Qxd4 a6 6. Be3 Nd7 7. O-O-O Qa5
8. g4 Ngf6 9. Rg1 Ne5 10. Nxe5 dxe5 11. Qa4+ Qxa4 12. Nxa4 Nd7 13. c4 Be7
14. Kc2 Rb8 15. Ba7 Ra8 16. Be3 Rb8 17. Ba7 Ra8 18. Be3 Rb8 19. c5 Nf6 20.
f3 Bd7 21. Nb6 Bc6 22. b4 Rd8 23. Bc4 Nd7 24. Nxd7 Rxd7 25. Kb3 Rc7 26. a4
O-O 27. Rd2 Rfc8 28. Rgd1 Be8 29. a5 Kf8 30. Bf2 Bg5 31. Rd6 Bc6 32. h3 Ke7
33. Bg3 Bf4 34. Bxf4 exf4 35. g5 Rd7 36. Rxd7+ Bxd7 37. Rd4 h6 38. gxh6 g5
39. e5 Rh8 40. b5 axb5 41. Bf1 Rxh6 42. Kb4 Bc6 43. Rd3 Rh8 44. Rb3 Kd7 45.
Bxb5 Rxh3 46. Bxc6+ Kxc6 47. Kc4 Kc7 48. Kd4 g4 49. c6 Kxc6 50. Rb6+ Kc7
51. fxg4 Ra3 52. Rb4 Rxa5 53. Ke4 f3 54. Rc4+ Kd7 55. Rb4 Kc6 56. Rc4+ Rc5
57. Rd4 f2 58. Rd1 Rc2 59. Ke3 b5 0-1

[Event "Hotel Bali Stars"]
[Site "Benidorm ESP"]
[Date "2003.11.28"]
[Round "5"]
[White "Topalov,V"]
[Black "Romero Holmes,A"]
[Result "1/2-1/2"]
[WhiteElo "2735"]
[BlackElo "2544"]
[EventDate "2003.11.27"]

1. Nf3 d6 2. d4 Nf6 3. c4 g6 4. Nc3 Bg7 5. e4 O-O 6. Be2 Bg4 7. Be3 Nfd7 8.
Rc1 c5 9. d5 b5 10. cxb5 a6 11. bxa6 Nxa6 12. O-O Qa5 13. Nd2 Bxe2 14. Qxe2
Rfb8 15. Nc4 Qb4 16. a3 Qb3 17. Rc2 Nc7 18. Bg5 Kf8 19. f4 h6 20. Bh4 Nb6
21. Nxb6 Rxb6 22. e5 Nxd5 23. Nxd5 Qxd5 24. Rd2 Qe6 25. Qf3 Rab8 26. Re1
dxe5 1/2-1/2

[Event "Hotel Bali Stars"]
[Site "Benidorm ESP"]
[Date "2003.11.28"]
[Round "5"]
[White "Anand,V"]
[Black "Hillarp Persson,T"]
[Result "1/2-1/2"]
[WhiteElo "2766"]
[BlackElo "2512"]
[EventDate "2003.11.27"]

1. e4 g6 2. d4 Bg7 3. Nc3 d6 4. Be3 a6 5. a4 b6 6. f4 Bb7 7. Nf3 Nd7 8. Bd3
e6 9. O-O Ngf6 10. e5 Ng4 11. Bd2 c5 12. Ng5 cxd4 13. Nce4 Bxe4 14. Nxe4
Nxh2 15. Nxd6+ Kf8 16. Kxh2 Nxe5 17. fxe5 Bxe5+ 18. Kg1 Qxd6 19. Bh6+ Kg8
20. Qf3 Ra7 21. Rae1 Bg7 22. Bxg7 Kxg7 23. Qf6+ Kg8 24. Bxa6 h5 25. Bd3 Rh7
26. Bxg6 Rg7 27. Bd3 Rxa4 28. Qe5 Qxe5 29. Rxe5 Ra5 30. Rxa5 bxa5 31. Kf2
Rg5 32. Ra1 Kg7 33. b3 Rd5 34. Kf3 f5 35. Bc4 Re5 36. Kf2 Kf6 37. Bd3 Rc5
38. Ke2 Kg5 39. Rf1 h4 40. Kd2 Re5 41. Be2 Rc5 42. Ra1 e5 43. Ra4 Kf4 44.
Rc4 Rxc4 45. bxc4 e4 46. c5 Ke5 47. Bc4 a4 48. Ke2 a3 49. Kf2 f4 50. Ba2
Kf6 51. Bb3 Ke7 52. Bd5 Kd7 53. Kf1 Kc7 54. Ke2 Kd7 55. Kf1 Kc7 1/2-1/2

[Event "Hotel Bali Stars"]
[Site "Benidorm ESP"]
[Date "2003.11.28"]
[Round "5"]
[White "Azmaiparashvili,Z"]
[Black "Vallejo Pons,F"]
[Result "1/2-1/2"]
[WhiteElo "2693"]
[BlackElo "2662"]
[EventDate "2003.11.27"]

1. g3 d5 2. Bg2 c6 3. d3 e5 4. Nf3 Bd6 5. e4 Nf6 6. O-O O-O 7. Nc3 Bg4 8.
h3 Bh5 9. exd5 Nxd5 10. Re1 Nd7 11. Bd2 Re8 12. Qc1 f6 13. d4 Bf7 14. Ne4
Bf8 15. c4 Nb4 16. Qc3 exd4 17. Nxd4 Ne5 18. c5 Nd5 19. Qc2 Qc7 20. Nf5 Bg6
21. Nfd6 Bxd6 22. cxd6 Qd7 23. Qb3 Bf7 24. Qc2 Bg6 25. Qb3 Bf7 26. Qc2 Bg6
1/2-1/2

[Event "Hotel Bali Stars"]
[Site "Benidorm ESP"]
[Date "2003.11.28"]
[Round "6"]
[White "Romero Holmes,A"]
[Black "Anand,V"]
[Result "1/2-1/2"]
[WhiteElo "2544"]
[BlackElo "2766"]
[EventDate "2003.11.27"]

1. c4 e5 2. g3 Nf6 3. Bg2 Nc6 4. d3 Bc5 5. Nc3 O-O 6. e3 d6 7. Nge2 a6 8.
h3 Ba7 9. O-O Ne7 10. d4 Nf5 11. b3 exd4 12. Nxd4 Nxd4 13. exd4 Re8 14. Be3
Be6 15. Kh2 d5 16. c5 c6 17. Bf4 Bb8 18. Qd2 Bxf4 19. Qxf4 Re7 20. Rfe1 Qb8
21. Qxb8+ Rxb8 22. Re3 1/2-1/2

[Event "Hotel Bali Stars"]
[Site "Benidorm ESP"]
[Date "2003.11.28"]
[Round "7"]
[White "Azmaiparashvili,Z"]
[Black "Karjakin,Sergey"]
[Result "0-1"]
[WhiteElo "2693"]
[BlackElo "2562"]
[EventDate "2003.11.27"]

1. d4 d5 2. c4 c6 3. e3 Nf6 4. Nf3 a6 5. Nbd2 Bg4 6. Bd3 Nbd7 7. Qb3 Qc7 8.
Ne5 e6 9. Nxg4 Nxg4 10. e4 dxe4 11. Nxe4 Be7 12. Bc2 O-O 13. Qf3 Ngf6 14.
O-O Nxe4 15. Qxe4 g6 16. b3 Rad8 17. Bb2 Bf6 18. Rad1 Bg7 19. Qe3 Nf6 20.
Qf3 Nh5 21. Rfe1 Rd7 22. g4 Qf4 23. Qg2 Nf6 24. h3 Qc7 25. Qf3 Ne8 26. Ba3
Nd6 27. Bb1 Qa5 28. Bc5 Rfd8 29. Qe3 Nc8 30. Be4 b6 31. b4 Qa4 32. Qf3 bxc5
33. Bxc6 Qxb4 34. Bxd7 Rxd7 35. dxc5 Rxd1 36. Rxd1 Qxc5 37. Qa8 Bf8 38.
Qxa6 Nd6 39. a4 Ne4 40. Rf1 Qd4 41. Kg2 Nd2 42. Re1 Bc5 43. Re2 Kg7 44. Qc6
Nxc4 45. Qe4 e5 46. Qxd4 exd4 47. Kf3 d3 48. Ra2 Bb4 49. Ra1 d2 50. Ke2 Nb2
51. f4 d1=Q+ 52. Rxd1 Nxd1 53. Kxd1 Bd6 54. f5 gxf5 55. gxf5 Kf6 56. a5
Kxf5 57. Ke2 Bc5 58. Kf3 Bf8 0-1

[Event "Hotel Bali Stars"]
[Site "Benidorm ESP"]
[Date "2003.11.29"]
[Round "9"]
[White "Azmaiparashvili,Z"]
[Black "Romero Holmes,A"]
[Result "1-0"]
[WhiteElo "2693"]
[BlackElo "2544"]
[EventDate "2003.11.27"]

1. g3 g6 2. Bg2 Bg7 3. d4 c5 4. c3 Na6 5. e4 d5 6. dxc5 dxe4 7. Qxd8+ Kxd8
8. Be3 Nf6 9. Bd4 e5 10. Bxe5 Nxc5 11. Bd4 Nd3+ 12. Ke2 Nxb2 13. Nd2 Nh5
14. Nxe4 Re8 15. Rb1 Bxd4 16. cxd4 Na4 17. Kd2 Bf5 18. f3 Nb6 19. Ne2 Bxe4
20. fxe4 Rc8 21. Kd3 Re7 22. Rb4 Nf6 23. Rhb1 Ng4 24. e5 Nf2+ 25. Ke3 Ng4+
26. Kf4 Rc2 27. R1b2 Rxb2 28. Rxb2 Nxh2 29. Nc3 Rc7 30. Nb5 Rc1 31. Nxa7
Nc4 32. Rxb7 Rc2 33. Bh3 f5 34. exf6 Rf2+ 35. Kg5 Nf3+ 36. Kh6 Rh2 37. Nc6+
Ke8 38. Kg7 1-0

[Event "Hotel Bali Stars"]
[Site "Benidorm ESP"]
[Date "2003.11.29"]
[Round "9"]
[White "Vallejo Pons,F"]
[Black "Hillarp Persson,T"]
[Result "0-1"]
[WhiteElo "2662"]
[BlackElo "2512"]
[EventDate "2003.11.27"]

1. e4 e6 2. d4 d5 3. e5 c5 4. c3 Qb6 5. Nf3 Nc6 6. a3 Nh6 7. b4 cxd4 8.
cxd4 Nf5 9. Bb2 Bd7 10. g4 Nh6 11. Rg1 f6 12. exf6 gxf6 13. Nc3 Nf7 14. Na4
Qd8 15. Nc5 Bc8 16. Rc1 Nd6 17. Bd3 Qe7 18. g5 f5 19. Ne5 Nxe5 20. dxe5 Ne4
21. Qh5+ Kd8 22. Nb3 Rg8 23. h4 Bd7 24. Bd4 b6 25. Ke2 Be8 26. Qf3 h6 27.
gxh6 Rxg1 28. Rxg1 Bxh6 29. Be3 Bxe3 30. Kxe3 Qxh4 31. Nd4 Bf7 32. Rh1 Qg5+
33. Qf4 Qg7 34. f3 Rc8 35. fxe4 dxe4 36. Qh4+ Kc7 37. Rc1+ Kb8 38. Rxc8+
Kxc8 39. Ba6+ Kd7 40. Bb5+ Kc8 41. Ba6+ Kd7 42. Bb5+ Kc8 43. Ba6+ Kd7 44.
Qh2 Qg5+ 45. Qf4 Qg1+ 46. Qf2 f4+ 0-1

[Event "Hotel Bali Stars"]
[Site "Benidorm ESP"]
[Date "2003.11.29"]
[Round "11"]
[White "Karjakin,Sergey"]
[Black "Hillarp Persson,T"]
[Result "1-0"]
[WhiteElo "2562"]
[BlackElo "2512"]
[EventDate "2003.11.27"]

1. e4 g6 2. d4 Bg7 3. Nc3 d6 4. f4 a6 5. Nf3 b5 6. Bd3 Nd7 7. e5 c5 8. Be4
Rb8 9. O-O cxd4 10. Nxd4 dxe5 11. Nc6 Qb6+ 12. Kh1 Ngf6 13. Nxb8 Qxb8 14.
fxe5 Nxe5 15. Bf4 O-O 16. Bf3 e6 17. Qe2 Nfd7 18. Rad1 Qb6 19. Ne4 Nxf3 20.
Qxf3 e5 21. Bg5 f5 22. Nd6 Nc5 23. Be3 Qc7 24. Bxc5 Qxc5 25. Qb3+ 1-0